Desarrollo de sistema de gestión de recursos humanos para la Empresa DMF
Presenta el desarrollo de un sistema web de gestión de información como solución a la problemática de la empresa DMF en el manejo de la información de la gestión de los recursos humanos. Como resultado se obtuvo un sistema que se ajusta plenamente a las necesidades de sus usuarios, con formula...
| Main Authors: | , |
|---|---|
| Other Authors: | |
| Format: | Tesis Section = Libro |
| Language: | Undetermined Spanish |
| Published: |
Managua
UNI
2020
|
| Subjects: |
| LEADER | 01258nam a2200277Ia 4500 | ||
|---|---|---|---|
| 008 | 240830s9999 xx 000 0 und d | ||
| 040 | |a BIBLIOTECA-RUSB/ Mon 004.35 R928 | ||
| 041 | |a spa | ||
| 082 | |a Mon 004.35 R928 | ||
| 100 | 1 | |a Rugama Castillo, Andreina Patricia | |
| 100 | 1 | |b Alonzo Lagos, Carlos Alejandro | |
| 245 | 1 | 0 | |a Desarrollo de sistema de gestión de recursos humanos para la Empresa DMF |
| 260 | |a Managua |b UNI |c 2020 | ||
| 300 | |a 122 p. :il. | ||
| 500 | |a Contiene: anexos y CD. | ||
| 502 | |a Tesis (Ingeniero en Computación) - UNI, 2020. | ||
| 520 | 3 | |a Presenta el desarrollo de un sistema web de gestión de información como solución a la problemática de la empresa DMF en el manejo de la información de la gestión de los recursos humanos. Como resultado se obtuvo un sistema que se ajusta plenamente a las necesidades de sus usuarios, con formularios intuitivos y fáciles de usar, consistentes con el resto de aplicaciones de la empresa. | |
| 650 | 7 | |a SISTEMA DE GESTION | |
| 650 | 7 | |b DESARROLLO DE SOFTWARE | |
| 650 | 7 | |c LENGUAJE DE PROGRAMACION | |
| 650 | 7 | |d BASES DE DATOS | |
| 650 | 7 | |e LENGUAJE MODELADO | |
| 700 | 1 | |a Tutor: |b Díaz Chow, José Leónidas | |
| 942 | |c BK |2 ddc | ||
| 991 | |a TESIS | ||
| 999 | |c 19629 | ||